| 000 | 00000nas 2200000zi 4500 |
| 001 | 9.943276 |
| 003 | CaOODSP |
| 005 | 20241104120945 |
| 006 | m o d f |
| 007 | cr ||||||||||| |
| 008 | 240917d19711981oncar p o f0 a0eng|d |
| 040 | |aCaOODSP|beng|erda|cCaOODSP |
| 043 | |an-cn--- |
| 086 | 1 |aS1E-PDF |
| 110 | 1 |aCanada.|bSecretary of State, |eauthor, |eissuing body |
| 245 | 10|aAnnual report for the year ending March 31 ... / |cSecretary of State. |
| 260 | |aOttawa : |bSecretary of State, |c[1972-1982] |
| 310 | |aAnnual |
| 336 | |atext|btxt|2rdacontent |
| 337 | |acomputer|bc|2rdamedia |
| 338 | |aonline resource|bcr|2rdacarrier |
| 362 | 1 |aBegan with 1971; ceased with 1981? |
| 500 | |aIssued also in French under title : Rapport annuel pour l'année se terminant le 31 mars ... |
| 500 | |aDigitized edition from print [produced by Government of Canada Publications Directorate]. |
| 515 | |aFrench title varies slightly. |
| 610 | 10|aCanada.|bSecretary of State |vPeriodicals. |
| 651 | 0|aCanada|xPolitics and government|vPeriodicals. |
| 655 | 7|aPeriodicals|2lcgft |
| 775 | 08|tRapport annuel pour l'année se terminant le 31 mars ... / |w(CaOODSP)9.943275 |
| 780 | 00|tReport of the Secretary of State of Canada.|w(CaOODSP)9.943307 |
| 785 | 00|tAnnual report / |w(CaOODSP)9.500749 |